Score 0/16 Timer 03:00
1 Play Today
Scrambled Word Unscrambled Word % Correct
INARRain
99.1%
LAHIHail
98.7%
OWNSSnow
98.7%
SORMTStorm
98.3%
UDOCLCloud
95.9%
TERISWTTwister
90.5%
NOCLYCECyclone
89.8%
RHEWOSShower
87.1%
Scrambled Word Unscrambled Word % Correct
STEELSleet
86.6%
NTREUDHThunder
82.5%
TINNGGLIHLightning
78.4%
ENNISHUSSunshine
74.4%
RENIRAHUCHurricane
69.4%
ZAZBDRILBlizzard
67.3%
SEPRREUSPressure
47.1%
TTEEERRPAUMTemperature
34.5%
Remove Ads.
Support Sporcle.
Get the best of Sporcle when you Go Orange. This ad-free experience offers more features, more stats, and more fun while also helping to support Sporcle. Thank you for becoming a member.

You're not logged in!

Compare scores with friends on all Sporcle quizzes.
OR
Log In

Show Comments

Extras

Top Quizzes Today


Score Distribution

Your Account Isn't Verified!

In order to create a playlist on Sporcle, you need to verify the email address you used during registration. Go to your Sporcle Settings to finish the process.

Report this User

Report this user for behavior that violates our Community Guidelines.

Details: